<?xml version="1.0" encoding="UTF-8"?>
<collection xmlns="http://www.loc.gov/MARC21/slim">
<record>
  <controlfield tag="001">107046</controlfield>
  <controlfield tag="005">20210909132524.0</controlfield>
  <datafield tag="037" ind1=" " ind2=" ">
    <subfield code="a">TAZ-TFG-2021-1297</subfield>
  </datafield>
  <datafield tag="041" ind1=" " ind2=" ">
    <subfield code="a">spa</subfield>
  </datafield>
  <datafield tag="100" ind1="1" ind2=" ">
    <subfield code="a">Pablo Gil, Lucía</subfield>
  </datafield>
  <datafield tag="242" ind1="0" ind2="0">
    <subfield code="a">Probiotic fermented milks: technological aspects and health effects.</subfield>
  </datafield>
  <datafield tag="245" ind1="0" ind2="0">
    <subfield code="a">Leches fermentadas probióticas: aspectos tecnológicos y efectos en la salud.</subfield>
  </datafield>
  <datafield tag="260" ind1=" " ind2=" ">
    <subfield code="a">Zaragoza</subfield>
    <subfield code="b">Universidad de Zaragoza</subfield>
    <subfield code="c">2021</subfield>
  </datafield>
  <datafield tag="506" ind1=" " ind2=" ">
    <subfield code="a">by-nc-sa</subfield>
    <subfield code="b">Creative Commons</subfield>
    <subfield code="c">3.0</subfield>
    <subfield code="u">http://creativecommons.org/licenses/by-nc-sa/3.0/</subfield>
  </datafield>
  <datafield tag="520" ind1=" " ind2=" ">
    <subfield code="a">Las leches fermentadas son alimentos consumidos desde la antigüedad, seguramente se originaron por&lt;br />las fermentaciones espontáneas que la leche experimentaba al mantenerla a temperatura ambiente.&lt;br />Esta fermentación se produce por la acción de microorganismos adecuados teniendo como resultado la&lt;br />reducción del pH con o sin coagulación de las caseínas. Algunos de los microorganismos usados en la&lt;br />fermentación de la leche se consideran probióticos. Los probióticos han sido definidos por la FAO como&lt;br />“microorganismos vivos que, cuando se administran en cantidades adecuadas, confieren un beneficio&lt;br />para la salud del huésped”. Principalmente, son bacterias ácido lácticas, en su mayoría, de los géneros&lt;br />Lactobacillus y Bifidobacterium. Actualmente, los yogures y otras leches fermentadas son el principal&lt;br />grupo de productos que aporta probióticos a la población, por la presencia de estos microorganismos&lt;br />en ellos y por la gran aceptación que tienen estos productos.&lt;br />Para llevar a cabo este trabajo, se ha realizado una búsqueda bibliográfica a través de diferentes bases&lt;br />de datos y utilizando palabras clave relacionadas con el tema de las leches fermentadas con propiedades&lt;br />probióticas. Se ha realizado además un estudio mediante una encuesta lanzada a través de WhatsApp&lt;br />que ha permitido valorar el conocimiento y el consumo de la población de leches fermentadas con&lt;br />propiedades probióticas.&lt;br />Los datos aportados por los estudios revisados han permitido profundizar en el conocimiento de las&lt;br />leches fermentadas probióticas, sus aspectos tecnológicos y los efectos en la salud, pudiendo&lt;br />responder así a los objetivos planteados. Se ha recopilado información sobre los principales&lt;br />microorganismos usados como probióticos, las formas en las que se pueden incorporar en las leches&lt;br />fermentadas, las características que deben de tener para ser incorporados y los diferentes mecanismos&lt;br />de acción una vez son ingeridos. Además, se ha realizado un análisis sobre algunos de los factores que&lt;br />influyen en la viabilidad de estos microorganismos en las leches fermentadas, entre los que cabe&lt;br />destacar, el pH y la acidez titulable, el oxígeno y peróxido de hidrógeno, los aditivos, la temperatura de&lt;br />incubación, las condiciones de inoculación, la temperatura y tiempo de almacenamiento, los factores&lt;br />y promotores de crecimiento, los factores de protección y las técnicas de microencapsulación. También&lt;br />han sido analizados los posibles efectos que tienen estas leches probióticas en la salud humana,&lt;br />revisando los estudios científicos publicados en los últimos años. Gracias a la encuesta se ha podido&lt;br />valorar el conocimiento y el consumo de la población de leches fermentadas con propiedades&lt;br />probióticas. Finalmente, se ha analizado la legislación en la que se hace referencia a estos productos.&lt;br />&lt;br /></subfield>
  </datafield>
  <datafield tag="521" ind1=" " ind2=" ">
    <subfield code="a">Graduado en Ciencia y Tecnología de los Alimentos</subfield>
  </datafield>
  <datafield tag="540" ind1=" " ind2=" ">
    <subfield code="a">Derechos regulados por licencia Creative Commons</subfield>
  </datafield>
  <datafield tag="700" ind1=" " ind2=" ">
    <subfield code="a">Sánchez Paniagua, Mª Lourdes</subfield>
    <subfield code="e">dir.</subfield>
  </datafield>
  <datafield tag="710" ind1="2" ind2=" ">
    <subfield code="a">Universidad de Zaragoza</subfield>
    <subfield code="b">Producción Animal y Ciencia de los Alimentos</subfield>
    <subfield code="c">Tecnología de Alimentos</subfield>
  </datafield>
  <datafield tag="856" ind1="0" ind2=" ">
    <subfield code="f">763476@unizar.es</subfield>
  </datafield>
  <datafield tag="856" ind1="4" ind2=" ">
    <subfield code="s">1092765</subfield>
    <subfield code="u">http://zaguan.unizar.es/record/107046/files/TAZ-TFG-2021-1297.pdf</subfield>
    <subfield code="y">Memoria (spa)</subfield>
  </datafield>
  <datafield tag="909" ind1="C" ind2="O">
    <subfield code="o">oai:zaguan.unizar.es:107046</subfield>
    <subfield code="p">driver</subfield>
    <subfield code="p">trabajos-fin-grado</subfield>
  </datafield>
  <datafield tag="950" ind1=" " ind2=" ">
    <subfield code="a"></subfield>
  </datafield>
  <datafield tag="980" ind1=" " ind2=" ">
    <subfield code="a">TAZ</subfield>
    <subfield code="b">TFG</subfield>
    <subfield code="c">VET</subfield>
  </datafield>
  <datafield tag="999" ind1=" " ind2=" ">
    <subfield code="a">20210616011920.CREATION_DATE</subfield>
  </datafield>
  <datafield tag="951" ind1=" " ind2=" ">
    <subfield code="a">deposita:2021-09-09</subfield>
  </datafield>
</record>
</collection>